Statistics for PFA Player of the Year Award since 1987

Click here to take the quiz!

General Stats

  • This quiz has been taken 48 times
    (28 since last reset)
  • The average score is 22 of 33

Answer Stats

Year Winner Club % Correct
2018Mohamed SalahLiverpool FC
100%
2006Steven GerrardLiverpool FC
96%
2004Thierry HenryArsenal FC
96%
2019Virgil Van DijkLiverpool FC
92%
2017N'Golo KantéChelsea FC
88%
2016Riyad MahrezLeicester City
88%
2010Wayne RooneyManchester United
88%
2005John TerryChelsea FC
88%
1997Alan ShearerNewastle United
84%
2015Eden HazardChelsea FC
84%
2009Ryan GiggsManchester United
84%
2014Luis SuarezLiverpool FC
80%
2013Gareth BaleTottenham Hotspur
80%
2008Cristiano RonaldoManchester United
80%
2012Robin Van PersieArsenal FC
76%
1996Les FerdinandNewcastle United
68%
2002Ruud Van NistelrooyManchester United
68%
2001Teddy SheringhamManchester United
64%
1994Éric CantonaManchester United
64%
1998Dennis BergkampArsenal FC
56%
2000Roy KeaneManchester United
56%
1999David GinolaTottenham Hotspur
40%
1988John BarnesLiverpool FC
32%
1991Mark HughesManchester United
28%
1992Gary PallisterManchester United
20%
1993Paul McGrathAston Villa
16%
1990David PlattAston Villa
16%
1987Clive AllenTottenham Hotspur
12%

Score Distribution

Percentile by Number Answered

Percent of People with Each Score

Your Score History

You have not taken this quiz since the last reset